000 00540nam a2200181 a 4500
003 OSt
005 20210818181622.0
008 890327n gr 0001f spa d
040 _bspa
041 1 _aspa
_hita
082 0 4 _a853.91
_bF194c
100 1 _aFallaci, Oriana,
_d1929-2006.
245 1 0 _aCarta a un niño que nunca nació /
_cOriana Fallaci
300 _a119 páginas ;
_c18 centímetros.
650 _aNovela italiana.
650 _aCartas italianas.
942 _2ddc
_h853.91 F194c
_k853.91
_mF194c
999 _c11550
_d11550